000 00508nam a2200181Ia 4500
008 120905t xxu||||| |||| 00| 0 sin d
041 _asin
080 _a8-31 (Russian)
_bAIT
100 _aAithmathaw,Chingis
245 _aමහාපුරුෂ කාන්තාවක්
246 _aMahapurusha Kanthawak
260 _aKurulu Book Publishers
_aRajagiriya
_c
300 _b140p, 21 cm
700 _aRudrigu,Dadigama.V
_etr.
942 _cBK
999 _c40646
_d40646
003 LK-CoDNM
040 _aLK-CoDNM
_dLK-CoDNM
_eLK-CoDNM